Stations de Montréal: Métro, Train & REM - Statistiques

Statistiques générales
  • Ce quiz a été pris 47 fois
    7 depuis la dernière actualisation
  • Le résultat moyen est 148 sur 163
Statistiques - réponses
Ligne Inauguration Station % Correct
5 1988 - STCUM Acadie
100%
15 2014 - AMT Ahuntsic
100%
1 1978 - CTCUM Angrignon
100%
5 2031 - STM Anjou
100%
15 2014 - AMT Anjou
100%
1 1976 - CTCUM Assomption
100%
1 1966 - CTM Atwater
100%
2 1966 - CTM Beaubien
100%
1 1966 - CTM Beaudry
100%
1 1966 - CTM Berri-UQAM
100%
2 1966 - CTM Berri-UQAM
100%
4 1967 - CTM Berri-UQAM
100%
A (1982-2020) - CTCUM2025 - REM Bois-Franc
100%
2 1967 - CTM Bonaventure
100%
A1 2023 - REM Brossard
100%
1 1976 - CTCUM Cadillac
100%
14 2005 - AMT Candiac
100%
A (1982-2020) - CTCUM 2025 - REM Canora
100%
2 2007 - STM Cartier
100%
2 1966 - CTM Champ-de-Mars
100%
1 1978 - CTCUM Charlevoix
100%
15 2026 - exo Côte-de-Liesse
100%
A 2025 - REM Côte-de-Liesse
100%
5 1988 - STCUM Côte-des-Neiges
100%
2 1982 - CTCUM Côte-Sainte-Catherine
100%
2 1986 - STCUM Côte-Vertu
100%
2 1966 - CTM Crémazie
100%
5 1986 - STCUM De Castelnau
100%
2 2007 - STM De la Concorde
100%
12 2007 - AMT De la Concorde
100%
2 1984 - CTCUM De la Savane
100%
1 1978 - CTCUM De l'Église
100%
A4 (1995-2020) - STCUM2025 - REM Deux-Montagnes
100%
5 1986 - STCUM D'Iberville
100%
2 1984 - CTCUM Du Collège
100%
A1 2023 - REM Du Quartier
100%
A (1995-2020) - STCUM2025 - REM Du Ruisseau
100%
5 1988 - STCUM Édouard-Montpetit
100%
A 2025 - REM Édouard-Montpetit
100%
5 1986 - STCUM Fabre
100%
1 1966 - CTM Frontenac
100%
13 2000 - AMT Gare Centrale
100%
A 2023 - REM Gare Centrale
100%
2 1980 - CTCUM Georges-Vanier
100%
A1 2027 - REM Griffintown-Bernard-Landry
100%
1 1966 - CTM Guy-Concordia
100%
2 1966 - CTM Henri-Bourassa
100%
1 1976 - CTCUM Honoré-Beaugrand
100%
11 1982 - CTCUM Hudson
100%
A4 (1982-2020) - CTCUM2025 - REM Île-Bigras
100%
A1 2023 - REM Île-des-Soeurs
100%
2 1966 - CTM Jarry
100%
4 1967 - CTM Jean-Drapeau
100%
2 1966 - CTM Jean-Talon
100%
5 1986 - STCUM Jean-Talon
100%
1 1978 - CTCUM Jolicoeur
100%
1 1976 - CTCUM Joliette
100%
A3 2026 - REM Kirkland
100%
1 1976 - CTCUM Langelier
100%
1 1978 - CTCUM LaSalle
100%
14 2001 - AMT LaSalle
100%
2 1966 - CTM Laurier
100%
1 1978 - CTCUM Lionel-Groulx
100%
2 1980 - CTCUM Lionel-Groulx
100%
13 2003 - AMT Longueuil-Saint-Hubert
100%
4 1967 - CTM Longueuil-Université-de-Sherbrooke
100%
2 1980 - CTCUM Lucien-L'Allier
100%
11 1993 - STCUM Lucien-L'Allier
100%
12 1999 - AMT Lucien-L'Allier
100%
14 2001 - AMT Lucien-L'Allier
100%
15 2014 - AMT Mascouche
100%
1 1966 - CTM McGill
100%
A 2025 - REM McGill
100%
13 2000 - AMT McMasterville
100%
1 1978 - CTCUM Monk
100%
2 2007 - STM Montmorency
100%
2 1966 - CTM Mont-Royal
100%
13 2002 - AMT Mont-Saint-Hilaire
100%
2 1984 - CTCUM Namur
100%
5 1988 - STCUM Outremont
100%
1 1966 - CTM Papineau
100%
5 1987 - STCUM Parc
100%
12 1997 - AMT Parc
100%
1 1966 - CTM Peel
100%
1 1976 - CTCUM Pie-IX
100%
2 1966 - CTM Place-d'Armes
100%
1 1966 - CTM Place-des-Arts
100%
2 1980 - CTCUM Place-Saint-Henri
100%
2 1982 - CTCUM Plamondon
100%
1 1976 - CTCUM Préfontaine
100%
1 1976 - CTCUM Radisson
100%
15 2014 - AMT Repentigny
100%
2 1966 - CTM Rosemont
100%
14 2001 - AMT Sainte-Catherine
100%
A4 (1982-2020) - CTCUM2025 - REM Sainte-Dorothée
100%
12 2007 - AMT Saint-Jérôme
100%
1 1966 - CTM Saint-Laurent
100%
5 1986 - STCUM Saint-Michel
100%
15 2014 - AMT Saint-Michel-Montréal-Nord
100%
2 1966 - CTM Sauvé
100%
15 2015 - AMT Sauvé
100%
2 1966 - CTM Sherbrooke
100%
2 1981 - CTCUM Snowdon
100%
5 1988 - STCUM Snowdon
100%
2 1967 - CTM Square-Victoria-OACI
100%
15 2014 - AMT Terrebonne
100%
5 1988 - STCUM Université-de-Montréal
100%
11 2003 - AMT Vaudreuil
100%
2 1981 - CTCUM Vendôme
100%
11 1985 - CTCUM Vendôme
100%
12 2000 - AMT Vendôme
100%
14 2001 - AMT Vendôme
100%
1 1978 - CTCUM Verdun
100%
1 1976 - CTCUM Viau
100%
2 1981 - CTCUM Villa-Maria
100%
A (1982-2020) - CTCUM2025 - REM Ville de Mont-Royal
100%
A2 2027 - REM YUL-Aéroport-Montréal-Trudeau
100%
A3 2026 - REM Anse-à-l'Orme
75%
11 1982 - CTCUM Beaconsfield
75%
12 1997 - AMT Blainville
75%
12 1997 - AMT Bois-de-Boulogne
75%
11 1982 - CTCUM Cedar Park
75%
14 2001 - AMT Delson
75%
A3 2026 - REM Des Sources
75%
11 1982 - CTCUM Dorion
75%
11 1982 - CTCUM Dorval
75%
14 2017 - AMT Du Canal
75%
A4 (1982-2020) - CTCUM2025 - REM Grand-Moulin
75%
11 1991 - STCUM Île-Perrot
75%
11 1982 - CTCUM Lachine
75%
A2 2027 - REM Marie-Curie
75%
12 2021 - exo Mirabel
75%
A (1982-2020) - CTCUM2025 - REM Montpellier
75%
11 1982 - CTCUM Montréal-Ouest
75%
12 2003 - AMT Montréal-Ouest
75%
14 2001 - AMT Montréal-Ouest
75%
A1 2023 - REM Panama
75%
A4 (1982-2020) - CTCUM2025 - REM Pierrefonds-Roxboro
75%
11 1982 - CTCUM Pincourt-Terrasse-Vaudreuil
75%
11 1982 - CTCUM Pine Beach
75%
15 2015 - AMT Pointe-aux-Trembles
75%
15 2014 - AMT Rivière-des-Prairies
75%
12 1997 - AMT Rosemère
75%
13 2000 - AMT Saint-Bruno
75%
11 1982 - CTCUM Sainte-Anne-de-Bellevue
75%
12 1997 - AMT Sainte-Rose
75%
12 1997 - AMT Sainte-Thérèse
75%
13 2000 - AMT Saint-Lambert
75%
15 2014 - AMT Saint-Léonard-Montréal-Nord
75%
A4 (1995-2020) - STCUM2025 - REM Sunnybrooke
75%
12 2006 - AMT Vimont
75%
11 1982 - CTCUM Baie-d'Urfé
50%
11 1982 - CTCUM Beaurepaire
50%
12 2007 - AMT Chabanel
50%
A3 2026 - REM Fairview-Pointe-Claire
50%
5 2031 - STM Mary-Two-Axe-Earley
50%
11 1986 - STCUM Pointe-Claire
50%
13 2003 - AMT Saint-Basile-le-Grand
50%
14 2001 - AMT Saint-Constant
50%
11 1982 - CTCUM Valois
50%
5 2031 - STM Vertières
50%
5 2031 - STM Césira-Parisotto
25%
5 2031 - STM Madeleine-Parent
25%
Aucun quiz correspondant
Distribution des résultats
% des personnes avec chaque résultat
Percentile par nombre de réponses
Votre historique - résultats
Vous n’avez pas pris ce quiz depuis la dernière actualisation